00592nam a2200205Ia 450000500170000000800410001702000150005808200210007324500480009426000420014230000180018465000110020265000130021365000100022665000130023670000190024994200060026895200970027499900150037120250122052252.0240331s9999 xx 000 0 und d a0195641795 bTHA26000a305.4 0aEmbodiment:bEssays on Gender and Identity  aOxfordbOxford University Pressc1997 axiii, 340 p., aGender aIdentity aWomen aFeminity aThapan, Meedt cL 001040708LaWERCLbWERCLcSSCd2024-03-31l0o 305.4 EMBp6000r2024-03-31w2024-03-31yL c2477d2477